000 01048cam a22001934a 4500
005 20250605164214.0
008 250528s ||||||||||||||||||||||||d
035 _a20399
020 _a691028540
040 _aGR-AtMCL
_bgre
_dGR-AtMCL
_eAACR2
245 1 _aDance and the Body Politic in Nothern Greece
260 _bPrinceton University Press,
_c1990
300 _a256
520 _aAn excellent analysis of the social construction of notions of person, gender, and community in a northern Greek Town. Preface, Entering the Dance, Place and Distinctions and Identities, Gender and Household and Community, Everyday Sociability as Gendered, Dancing Signs: Deciphering the Body in Wedding Celebrations, The Orchestration of Association in formal Evening Dances, Male Prestige and the Eruption of Conflict, Ambivalent Pleasures: Dance as a Problem for Women, Aphrodite's Tables: Breakdown and Blame and Female Sexuality, Because of the Dance, Index.
700 1 _aCowan Jane K
_96378
942 _cBK
999 _c5508
_d5508